| 000 | 01241nam2a22002531 4500 | ||
|---|---|---|---|
| 001 | rc\840467 | ||
| 005 | 20250621233339.0 | ||
| 035 | _a(NLR Aleph) 005978095 | ||
| 090 |
_a6999704 _c6999704 |
||
| 100 | _a20070321d1984 |||y0rusy50 ca | ||
| 101 | 0 | _arus | |
| 102 | _aRU | ||
| 105 | _aa ||||||||| | ||
| 200 | 1 |
_aПроектирование автоматизированных информационных систем на базе ППП АИДОС/ОС _f[Подгот. Р. Бейером и др.] |
|
| 210 |
_d1984 _aБ. м. |
||
| 215 |
_a58 с. _cил. |
||
| 320 | _aБиблиогр.: с. 57 | ||
| 461 | 0 |
_1001rc\1189636 _12001#$aМетодические материалы и документация по пакетам прикладных программ$fМеждунар. центр науч. и техн. информ.$vВып. 25 _96963736 _cМ. _d1980 _fМеждунар. центр науч. и техн. информ. _nМЦНТИ _tМетодические материалы и документация по пакетам прикладных программ _vВып. 25 |
|
| 702 | 1 |
_aБейер _bР. _4570 |
|
| 801 | 0 |
_aRU _bNLR _gpsbo |
|
| 801 | 1 |
_aRU _bELAR _2rusmarc |
|
| 852 |
_aNLR _j79-8/681 |
||
| 942 | _cBOOK | ||
| 980 | _aNB | ||